| 000 | 01023nam a22002177a 4500 | ||
|---|---|---|---|
| 999 |
_c55812 _d55812 |
||
| 005 | 20250818140345.0 | ||
| 008 | s2550 th tha d | ||
| 020 | _a9749920457 | ||
| 040 | _aNALT | ||
| 041 | _atha | ||
| 090 |
_aKS 14 _bช387ร 2550 |
||
| 100 | 0 |
_aชัยนันท์ แสงปุตตะ _939464 |
|
| 245 | 1 | 0 |
_aรวมพระราชบัญญัติที่มีโทษทางอาญา 30 พระราชบัญญัติ เล่ม 2 / _cรวบรวมโดย ชัยนันท์ แสงปุตตะ, พันตำรวจเอกหญิง นัยนา เกิดวิชัย. |
| 260 |
_aนครปฐม : _bนิตินัย, _c2550. |
||
| 300 |
_a686 หน้า ; _b _c26 ซม. |
||
| 650 | 4 |
_aกฎหมาย _94701 _zไทย |
|
| 700 | 0 |
_aนัยนา เกิดวิชัย. _939463 |
|
| 850 | _aNALT | ||
| 942 |
_cLB _2local |
||
| 998 |
_j1020 _k นางจำเรียง ระวังสำโรง |
||